000 00414nam a2200181Ia 4500
001 23895
005 20260414151007.0
008 260414t1961||||xx |||||||||||||| ||spa||
041 _aESP
082 _a720.92
_bM15
100 _aCollins, George R.,
_eAUT
245 0 _aAntonio Gaudí
_b
260 _c1961
300 _a151 páginas :
_c26 cm.
650 _aABD
654 _aCAU
942 _cLIB
_dJUS
_fJUS
_2ddc
_n
999 _c23895
_d23895